[Event "Andorra open"]
[Site "Escaldes"]
[Date "2018.07.26"]
[Round "6.9"]
[White "Smith, Axel"]
[Black "Barbero Sendic, Alejandro"]
[Result "1/2-1/2"]
[WhiteElo "2491"]
[BlackElo "2388"]
[PlyCount "96"]
[EventDate "2018.07.21"]
[EventType "swiss"]
[EventCountry "AND"]

1. c4 e6 2. Nc3 d5 3. d4 a6 4. Nf3 Nf6 5. cxd5 exd5 6. Bg5 Be7 7. e3 h6 8. Bh4
Be6 9. Bd3 Nbd7 10. Rc1 Bd6 11. O-O O-O 12. Bb1 c6 13. Qc2 g6 14. e4 dxe4 15.
Nxe4 Be7 16. Nc3 Nh5 17. Bxe7 Qxe7 18. Qd2 Kh7 19. Rfe1 Rad8 20. d5 cxd5 21.
Nxd5 Qd6 22. Nc7 Qxd2 23. Nxd2 Ng7 24. Ne4 Nb6 25. Nf6+ Kh8 26. Nxe6 Nxe6 27.
Ng4 Kg7 28. Ne5 Rc8 29. Kf1 Rxc1 30. Rxc1 Re8 31. Nf3 Rc8 32. Rxc8 Nxc8 33. g3
Nd6 34. Ke2 f5 35. Ne5 Kf6 36. f4 g5 37. Ke3 Nc7 38. Nd3 Ne4 39. Bc2 Ne6 40.
Bb3 Nd6 41. Bxe6 Kxe6 42. Kd4 b6 43. a4 a5 44. Ne5 g4 45. b3 h5 46. Nc4 Nxc4
47. Kxc4 Kd6 48. Kd4 Ke6 1/2-1/2

[Event "Andorra open"]
[Site "Escaldes"]
[Date "2018.07.26"]
[Round "6.10"]
[White "Serra Pages, Jordi"]
[Black "Jerez Perez, Alfonso"]
[Result "1/2-1/2"]
[WhiteElo "2251"]
[BlackElo "2423"]
[PlyCount "160"]
[EventDate "2018.07.21"]
[EventType "swiss"]
[EventCountry "AND"]

1. d4 Nf6 2. c4 g6 3. Nc3 d5 4. Bf4 Bg7 5. e3 c5 6. dxc5 Qa5 7. Rc1 Ne4 8. Nge2
Nxc3 9. Nxc3 e5 10. Bg3 d4 11. exd4 exd4 12. Qa4+ Qxa4 13. Nxa4 Bd7 14. b3 Bxa4
15. bxa4 Na6 16. c6 bxc6 17. c5 Nb4 18. Bc4 O-O 19. a3 Nd5 20. Bxd5 cxd5 21.
Ke2 Rac8 22. c6 f5 23. Bf4 Rfe8+ 24. Kd3 Kf7 25. a5 Bf8 26. Rc2 Kf6 27. h4 h6
28. Rb1 g5 29. hxg5+ hxg5 30. Bc1 Re6 31. c7 Bd6 32. Rb7 a6 33. Rc6 f4 34. Bb2
Ke7 35. Rxa6 Bxc7 36. Rxe6+ Kxe6 37. a6 Kd7 38. Bxd4 Kc6 39. Rb1 g4 40. Rc1+
Kd7 41. a7 Ra8 42. Rh1 Kc6 43. Rh8 Rxh8 44. Bxh8 Kb7 45. Bd4 Bd6 46. a4 Bc7 47.
f3 gxf3 48. gxf3 Bd6 49. Kc3 Ka8 50. Bb6 Be5+ 51. Kb4 Bd6+ 52. Kb5 Kb7 53. Bd4
Be7 54. a5 Ba3 55. a6+ Ka8 56. Kc6 Bc1 57. Kxd5 Bd2 58. Ke4 Bc1 59. Bc5 Bd2 60.
Kd3 Be1 61. Ke4 Bd2 62. Bd6 Kxa7 63. Bxf4 Be1 64. Be5 Kxa6 65. f4 Kb7 66. Kd5
Kc8 67. Ke6 Bh4 68. f5 Bg5 69. Bf6 Bd2 70. Ke7 Bb4+ 71. Ke8 Bd2 72. Be5 Bg5 73.
Kf7 Kd7 74. Bf6 Bd2 75. Kg6 Bb4 76. Bg7 Be7 77. Bd4 Ke8 78. Bf6 Bb4 79. Bg7 Be7
80. Bf6 Bb4 1/2-1/2

[Event "Andorra open"]
[Site "Escaldes"]
[Date "2018.07.26"]
[Round "6.11"]
[White "Beshukov, Sergei"]
[Black "Cuadras Avellana, Jordi"]
[Result "1-0"]
[WhiteElo "2417"]
[BlackElo "2240"]
[PlyCount "109"]
[EventDate "2018.07.21"]
[EventType "swiss"]
[EventCountry "AND"]

1. e4 c6 2. d4 d5 3. Nd2 dxe4 4. Nxe4 Nd7 5. Nf3 Ndf6 6. Nxf6+ Nxf6 7. g3 Bf5
8. Bg2 e6 9. O-O Be7 10. c3 O-O 11. Re1 h6 12. a4 a5 13. Qb3 Qc8 14. Ne5 Nd7
15. Nc4 Bd3 16. Bf4 Bxc4 17. Qxc4 Nb6 18. Qe2 Nd5 19. Bd2 Nf6 20. Rad1 Re8 21.
Bc1 Qc7 22. h4 Rad8 23. Qf3 Nh7 24. Bf1 c5 25. Bb5 Rf8 26. Bf4 Bd6 27. Bxd6
Rxd6 28. dxc5 Qxc5 29. Rxd6 Qxd6 30. Rd1 Qe5 31. Qxb7 g5 32. Qe7 Kg7 33. Qd6
Qf6 34. Qd4 e5 35. Qd6 Qf5 36. Re1 e4 37. Bd7 Qf3 38. Re3 Qh5 39. g4 Qxh4 40.
Kg2 Nf6 41. Rh3 Qxh3+ 42. Kxh3 Rd8 43. Qe5 Rxd7 44. c4 Rd2 45. Kg3 Rd1 46. Kg2
Rc1 47. c5 Rc4 48. b3 Rc1 49. Qd4 Kg6 50. Qd6 Rc2 51. Kf1 h5 52. gxh5+ Kf5 53.
h6 Ng4 54. h7 Rxf2+ 55. Ke1 1-0

[Event "Andorra open"]
[Site "Escaldes"]
[Date "2018.07.26"]
[Round "6.12"]
[White "Vidal, Llewellyn"]
[Black "Ruiz Castillo, Joshua Daniel"]
[Result "0-1"]
[WhiteElo "2221"]
[BlackElo "2410"]
[PlyCount "108"]
[EventDate "2018.07.21"]
[EventType "swiss"]
[EventCountry "AND"]

1. c4 c5 2. Nc3 Nc6 3. g3 g6 4. Bg2 Bg7 5. Nf3 e6 6. d4 Nxd4 7. Nxd4 cxd4 8.
Ne4 Ne7 9. Nd6+ Kf8 10. Nxb7 Bxb7 11. Bxb7 Rb8 12. Bg2 Qc7 13. O-O Qxc4 14. b3
Qb4 15. Bf4 d6 16. Rc1 Qb6 17. Qc2 Be5 18. Bh6+ Bg7 19. Bf4 Be5 20. Bh6+ Kg8
21. g4 d5 22. e4 dxe3 23. fxe3 f5 24. Kh1 Rc8 25. Qe2 Rxc1 26. Rxc1 Kf7 27. Rf1
Rc8 28. e4 dxe4 29. Bxe4 Qd4 30. gxf5 exf5 31. Bb7 Rc3 32. Re1 Kf6 33. Qxe5+
Qxe5 34. Rxe5 g5 35. Bg7+ Kxg7 36. Rxe7+ Kg6 37. Re2 g4 38. Kg2 Kg5 39. Rf2 f4
40. Bd5 Rh3 41. Bc4 h5 42. a4 h4 43. Rd2 Rc3 44. Rd5+ Kf6 45. Rd1 f3+ 46. Kg1
Ke5 47. Rd5+ Kf4 48. Rh5 h3 49. a5 Rc1+ 50. Bf1 Rc2 51. Rf5+ Kxf5 52. Bd3+ Kf4
53. Bxc2 g3 54. hxg3+ Ke3 0-1

[Event "Andorra open"]
[Site "Escaldes"]
[Date "2018.07.26"]
[Round "6.13"]
[White "Sole Pijuan, Ferran"]
[Black "Tleptsok, Ruslan"]
[Result "1-0"]
[WhiteElo "2306"]
[BlackElo "2126"]
[PlyCount "89"]
[EventDate "2018.07.21"]
[EventType "swiss"]
[EventCountry "AND"]

1. d4 Nf6 2. c4 e5 3. dxe5 Ne4 4. Nf3 Bb4+ 5. Nbd2 Nc6 6. e3 Qe7 7. Be2 Nxe5 8.
O-O Nxd2 9. Nxd2 a5 10. Nf3 Nxf3+ 11. Bxf3 O-O 12. Qc2 Ra6 13. g3 Qf6 14. Bg2
a4 15. a3 Bd6 16. c5 Be7 17. Bd2 c6 18. Rfd1 d5 19. cxd6 Bxd6 20. Bc3 Be5 21.
Bxe5 Qxe5 22. b3 Bf5 23. e4 Bg4 24. Re1 axb3 25. Qxb3 b5 26. Rac1 Rfa8 27. Re3
Be6 28. Qd1 Bc4 29. Bf1 Bxf1 30. Kxf1 g6 31. Qd7 Rxa3 32. Rxa3 Rxa3 33. Qxc6 b4
34. Rc5 Qe7 35. Rb5 Rc3 36. Qd5 Rc8 37. Rb7 Qf8 38. Qb5 Qd6 39. Qxb4 Qd3+ 40.
Kg2 Kg7 41. Qe7 Kh6 42. Qe5 Qc4 43. h4 Rc5 44. Qe7 Kh5 45. Rc7 1-0

[Event "Andorra open"]
[Site "Escaldes"]
[Date "2018.07.26"]
[Round "6.14"]
[White "Llaneza Vega, Patricia"]
[Black "Ferrante, Marco"]
[Result "1/2-1/2"]
[WhiteElo "2099"]
[BlackElo "2290"]
[PlyCount "123"]
[EventDate "2018.07.21"]
[EventType "swiss"]
[EventCountry "AND"]

1. e4 e6 2. Nf3 d5 3. Nc3 Nf6 4. e5 Nfd7 5. d4 c5 6. dxc5 Nc6 7. Bf4 Be7 8. Bg3
Nxc5 9. a3 O-O 10. Bd3 f5 11. exf6 Bxf6 12. O-O Qb6 13. b4 Nxd3 14. Qxd3 Nd4
15. Rad1 Nxf3+ 16. Qxf3 Bd7 17. Ne2 Ba4 18. Nf4 Bxc2 19. Rc1 Be4 20. Qg4 Bf5
21. Qf3 Bb2 22. Rc5 Kh8 23. Nh5 Rf7 24. Qe3 Bg4 25. Qg5 Bxh5 26. Qxh5 Rf5 27.
Qe2 Bd4 28. Bc7 Qa6 29. Qxa6 bxa6 30. Rc6 e5 31. Bd6 Rf6 32. Rfc1 Bxf2+ 33. Kh1
h6 34. Bxe5 Rxc6 35. Rxc6 Re8 36. Rxh6+ Kg8 37. Rh5 d4 38. g3 Be3 39. Bf4 Bxf4
40. gxf4 Rd8 41. Re5 d3 42. Re1 d2 43. Rd1 Kf7 44. Kg2 Kf6 45. Kf3 Kf5 46. Ke2
Ke4 47. Rxd2 Rxd2+ 48. Kxd2 Kxf4 49. Kd3 Kf3 50. Kd4 Kg2 51. Ke5 Kxh2 52. Kf5
Kg3 53. Kg6 Kf4 54. Kxg7 Ke5 55. Kf7 Kd5 56. Ke7 Kc6 57. Ke6 Kb5 58. Kd5 Ka4
59. Kc6 a5 60. Kb7 axb4 61. axb4 Kxb4 62. Kxa7 1/2-1/2

[Event "Andorra open"]
[Site "Escaldes"]
[Date "2018.07.26"]
[Round "6.15"]
[White "Blom, Vincent"]
[Black "Palacios Herrero, Pablo"]
[Result "1/2-1/2"]
[WhiteElo "2269"]
[BlackElo "2183"]
[PlyCount "88"]
[EventDate "2018.07.21"]
[EventType "swiss"]
[EventCountry "AND"]

1. d4 d5 2. Nf3 Nf6 3. g3 e6 4. Bg2 Be7 5. O-O O-O 6. c4 dxc4 7. Ne5 Nc6 8.
Bxc6 bxc6 9. Nxc6 Qe8 10. Nxe7+ Qxe7 11. Qc2 e5 12. dxe5 Qxe5 13. Na3 Re8 14.
Nxc4 Qxe2 15. Qxe2 Rxe2 16. Bg5 Ba6 17. Bxf6 gxf6 18. Rfc1 Bxc4 19. Rxc4 Rxb2
20. Rxc7 Rd8 21. a3 Rdd2 22. Rf1 Rd3 23. Rxa7 Ra2 24. Ra4 Rdxa3 25. Rg4+ Kf8
26. Kg2 Ra4 27. Kh3 Rxg4 28. Kxg4 Kg7 29. Kf3 Kg6 30. Rb1 Ra3+ 31. Kg2 Ra2 32.
Rb4 f5 33. Rb6+ Kg7 34. h4 Rc2 35. Kf3 Rc4 36. h5 h6 37. Rd6 Rg4 38. Kg2 Rg5
39. f4 Rxh5 40. Rc6 Kh7 41. Rc1 Kg6 42. Rb1 Kf6 43. Rb8 Kg7 44. Rc8 Kh7 1/2-1/2

[Event "Andorra open"]
[Site "Escaldes"]
[Date "2018.07.26"]
[Round "6.16"]
[White "Loiseau, Quentin"]
[Black "Garcia Paolicchi, Raul"]
[Result "1-0"]
[WhiteElo "2402"]
[BlackElo "2155"]
[PlyCount "89"]
[EventDate "2018.07.21"]
[EventType "swiss"]
[EventCountry "AND"]

1. e4 c6 2. d4 d5 3. e5 c5 4. dxc5 e6 5. Nf3 Bxc5 6. Bd3 Ne7 7. a3 Nbc6 8. b4
Bb6 9. O-O Ng6 10. Re1 f6 11. Bxg6+ hxg6 12. Qd3 Nxe5 13. Nxe5 fxe5 14. Qxg6+
Kf8 15. Bg5 Qe8 16. Qd3 Qf7 17. Qg3 Bc7 18. Rxe5 Bxe5 19. Qxe5 Qf5 20. Qd6+ Kg8
21. h4 Qf8 22. Qg3 Bd7 23. Nd2 Rc8 24. c3 Kh7 25. Re1 Qf7 26. Nf3 Qg6 27. Ne5
Qe8 28. Qd3+ Kg8 29. Ng6 Bb5 30. Qd1 Rc7 31. Nf4 e5 32. Nxd5 Rd7 33. Qb3 Kh7
34. c4 Bc6 35. Qc2+ Qg6 36. Qxg6+ Kxg6 37. Ne7+ Kf7 38. Rxe5 Rd1+ 39. Kh2 Bd7
40. Re3 Re8 41. Rf3+ Ke6 42. Ng6 Bc6 43. Re3+ Kd7 44. Ne5+ Kc7 45. Bf4 1-0

[Event "Andorra open"]
[Site "Escaldes"]
[Date "2018.07.26"]
[Round "6.17"]
[White "Orteu Capdevila, Max"]
[Black "Berkovich, Mark A"]
[Result "0-1"]
[WhiteElo "2158"]
[BlackElo "2344"]
[PlyCount "100"]
[EventDate "2018.07.21"]
[EventType "swiss"]
[EventCountry "AND"]

1. e4 c5 2. Nf3 Nf6 3. e5 Nd5 4. Nc3 e6 5. Nxd5 exd5 6. d4 Nc6 7. dxc5 Bxc5 8.
Bd3 d6 9. exd6 O-O 10. O-O Qxd6 11. h3 h6 12. c3 Be6 13. b4 Bb6 14. b5 Ne7 15.
Nd4 Rac8 16. Bd2 Bxd4 17. cxd4 Bf5 18. Qf3 Bxd3 19. Qxd3 Rc4 20. a3 Rfc8 21.
Bb4 Qd7 22. Bxe7 Qxe7 23. Rfe1 Qf6 24. Re5 Qf4 25. Rae1 Rc1 26. g3 Qxe5 27.
dxe5 Rxe1+ 28. Kg2 Rxe5 29. f4 Re7 30. Qxd5 b6 31. Kf3 Rc3+ 32. Kg4 Ree3 33.
Qa8+ Kh7 34. Qxa7 Rxg3+ 35. Kf5 Rc5+ 36. Ke4 f5+ 37. Kd4 Rxb5 38. Qa6 Ra5 39.
Qxb6 Rgxa3 40. h4 R3a4+ 41. Kc3 Ra6 42. Qb5 Ra3+ 43. Kb2 Ra2+ 44. Kb1 R2a5 45.
Qe8 Rc5 46. Qb8 Raa5 47. Qe8 Rab5+ 48. Ka2 Rb4 49. Ka3 Rxf4 50. h5 Rc3+ 0-1

[Event "Andorra open"]
[Site "Escaldes"]
[Date "2018.07.26"]
[Round "6.18"]
[White "El Mchaouri Mas, Younes"]
[Black "Terao, Juliana Sayumi"]
[Result "1-0"]
[WhiteElo "2120"]
[BlackElo "2308"]
[PlyCount "109"]
[EventDate "2018.07.21"]
[EventType "swiss"]
[EventCountry "AND"]

1. Nf3 Nf6 2. c4 c5 3. Nc3 Nc6 4. g3 g6 5. Bg2 Bg7 6. O-O O-O 7. d4 cxd4 8.
Nxd4 Nxd4 9. Qxd4 d6 10. Qd3 Rb8 11. h3 Bd7 12. Be3 Qa5 13. Rac1 Bc6 14. a3
Bxg2 15. Kxg2 a6 16. b4 Qf5 17. Qxf5 gxf5 18. Rfd1 Rfc8 19. Na4 b5 20. Nb6 Rc6
21. cxb5 Rxc1 22. Rxc1 axb5 23. Rc8+ Rxc8 24. Nxc8 Nd5 25. Na7 Nc3 26. Kf1 Kf8
27. Bd2 Ne4 28. Be1 Ke8 29. Nxb5 Kd7 30. e3 Kc6 31. a4 e5 32. Ke2 d5 33. Na3
Bf8 34. Nc2 h5 35. h4 Be7 36. Kd3 f6 37. Ke2 Kb6 38. Kd1 Nd6 39. Kc1 Nc4 40.
Kb1 Bd6 41. Bc3 Kb7 42. Ka2 Bc7 43. b5 Bb6 44. Kb3 Kc7 45. Nb4 Na5+ 46. Kc2 Kd6
47. Nd3 Nb7 48. Bb4+ Ke6 49. Kd2 Kd7 50. Ke2 Ke6 51. Nc1 d4 52. exd4 Bxd4 53.
Nd3 Ba7 54. a5 Kd7 55. b6 1-0

[Event "Andorra open"]
[Site "Escaldes"]
[Date "2018.07.26"]
[Round "6.19"]
[White "De Seroux, Camille"]
[Black "Saada, Julien"]
[Result "0-1"]
[WhiteElo "2146"]
[BlackElo "2266"]
[PlyCount "74"]
[EventDate "2018.07.21"]
[EventType "swiss"]
[EventCountry "AND"]

1. e4 c6 2. Nc3 d5 3. Nf3 Bg4 4. h3 Bxf3 5. Qxf3 Nf6 6. d3 e6 7. Qg3 g6 8. Be2
Bg7 9. Bf4 Nfd7 10. exd5 cxd5 11. Bd6 Nc6 12. O-O Nd4 13. Rae1 Nf5 14. Qh2 Nxd6
15. Qxd6 Qb6 16. Qa3 Qc5 17. Qxc5 Nxc5 18. Nb5 O-O 19. c3 Rfc8 20. d4 Ne4 21.
Rd1 Bf8 22. Bd3 a6 23. Bxe4 dxe4 24. Na3 Bxa3 25. bxa3 Rxc3 26. d5 exd5 27.
Rxd5 Rac8 28. Re5 R3c4 29. Rd1 Rc1 30. Rxc1 Rxc1+ 31. Kh2 Rc4 32. Rg5 Rc2 33.
Kg3 f5 34. h4 Rxa2 35. Kf4 Rxf2+ 36. Ke5 e3 37. Rg3 f4 0-1

[Event "Andorra open"]
[Site "Escaldes"]
[Date "2018.07.26"]
[Round "6.20"]
[White "Shen, Christopher"]
[Black "Rothebarth, Ana Vitoria De Paul"]
[Result "1-0"]
[WhiteElo "2266"]
[BlackElo "2080"]
[PlyCount "73"]
[EventDate "2018.07.21"]
[EventType "swiss"]
[EventCountry "AND"]

1. c4 e5 2. g3 Nf6 3. Bg2 d5 4. cxd5 Nxd5 5. Nc3 Nb6 6. Nf3 Nc6 7. Rb1 Be7 8.
b4 a6 9. a3 O-O 10. O-O Re8 11. d3 Bg4 12. h3 Bh5 13. Ne4 Rb8 14. Bb2 f6 15.
Rc1 Qd7 16. Nc5 Bxc5 17. bxc5 Nd5 18. e4 Nde7 19. Nxe5 Nxe5 20. Qxh5 Nxd3 21.
Rfd1 Qb5 22. Bf1 Qxb2 23. Bxd3 Ng6 24. Bc4+ Kh8 25. Bf7 Re5 26. Qg4 Nf8 27. Rb1
Qxa3 28. Rxb7 Rxb7 29. Qc8 Qxc5 30. Rd8 Rb1+ 31. Kg2 g6 32. Rxf8+ Kg7 33. Rh8
Rb8 34. Qxb8 Kxf7 35. Rxh7+ Ke6 36. Qc8+ Kd6 37. Qd7# 1-0

[Event "Andorra open"]
[Site "Escaldes"]
[Date "2018.07.26"]
[Round "6.21"]
[White "Bianchi, Andrea"]
[Black "Benmesbah, Natacha"]
[Result "0-1"]
[WhiteElo "2082"]
[BlackElo "2255"]
[PlyCount "74"]
[EventDate "2018.07.21"]
[EventType "swiss"]
[EventCountry "AND"]

1. e4 c5 2. Nf3 Nc6 3. d4 cxd4 4. Nxd4 e5 5. Nb5 d6 6. g3 Be7 7. Bg2 Be6 8.
N5c3 Nf6 9. O-O O-O 10. h3 Rc8 11. Be3 a6 12. a3 Na5 13. b3 Qc7 14. Ra2 b5 15.
Qd2 Nb7 16. f4 exf4 17. gxf4 Rfd8 18. Qf2 d5 19. Bb6 Qxb6 20. Qxb6 Bc5+ 21.
Qxc5 Rxc5 22. f5 Bc8 23. Nxd5 Nxd5 24. exd5 Nd6 25. f6 gxf6 26. c4 bxc4 27. b4
Rc7 28. Nc3 Bf5 29. Rf4 Re7 30. Re2 Re5 31. Bf1 Kg7 32. Rg2+ Bg6 33. Kf2 Rde8
34. h4 h5 35. Be2 Nb5 36. Rxc4 Nxc3 37. Rxc3 Rxe2+ 0-1

[Event "Andorra open"]
[Site "Escaldes"]
[Date "2018.07.26"]
[Round "6.22"]
[White "Gomez Barrera, Javiera Belen"]
[Black "Gomez Anadon, Daniel"]
[Result "1-0"]
[WhiteElo "2063"]
[BlackElo "2228"]
[PlyCount "142"]
[EventDate "2018.07.21"]
[EventType "swiss"]
[EventCountry "AND"]

1. e4 Nf6 2. e5 Nd5 3. d4 d6 4. c4 Nb6 5. exd6 cxd6 6. Nc3 g6 7. Be3 Bg7 8. Bd3
O-O 9. Nge2 Nc6 10. b3 d5 11. c5 e5 12. Bb5 exd4 13. Nxd4 Nd7 14. O-O Nde5 15.
Rc1 Qh4 16. Nce2 Ng4 17. Nf3 Nxe3 18. Nxh4 Nxd1 19. Rfxd1 Rd8 20. Nf3 Bg4 21.
h3 Bxf3 22. gxf3 Rac8 23. Bxc6 Rxc6 24. b4 Ra6 25. Rd2 Bh6 26. f4 Re6 27. Rcd1
Re4 28. Nc3 Rc4 29. Nxd5 Kf8 30. Rd3 a5 31. a3 axb4 32. axb4 Rc2 33. Kg2 Ra8
34. R1d2 Rc1 35. Rd1 Rc2 36. R3d2 Raa2 37. Rxc2 Rxc2 38. Kf3 Rb2 39. Rd3 f5 40.
Kg3 Rb1 41. Kf3 Bg7 42. Ra3 Kf7 43. Rd3 Rb2 44. Nc7 Rxb4 45. Rd7+ Kg8 46. Ne6
Rb3+ 47. Ke2 Bf6 48. Kd2 Rb2+ 49. Kd3 Rb1 50. Kc4 b5+ 51. Kd5 Rd1+ 52. Kc6 Re1
53. Nc7 b4 54. Nd5 Bc3 55. Rb7 Rc1 56. Nxb4 Bd4 57. Na6 Bxf2 58. Rb5 Rc4 59.
Kb7 Bxc5 60. Nxc5 Rxf4 61. Rb3 Rc4 62. Kc6 g5 63. Kd5 Rc1 64. Ne6 g4 65. h4 Rh1
66. Kd6 Kf7 67. Rb7+ Kf6 68. Nf8 Rd1+ 69. Kc5 g3 70. Nxh7+ Kg6 71. Nf8+ Kh6 1-0

[Event "Andorra open"]
[Site "Escaldes"]
[Date "2018.07.26"]
[Round "6.23"]
[White "Morros Faura, Ricard"]
[Black "Elguezabal Selioutin, Dario"]
[Result "1-0"]
[WhiteElo "2227"]
[BlackElo "2056"]
[PlyCount "113"]
[EventDate "2018.07.21"]
[EventType "swiss"]
[EventCountry "AND"]

1. e4 e6 2. d4 d5 3. Nc3 Nf6 4. Bg5 Bb4 5. e5 h6 6. Be3 Ne4 7. Qg4 g6 8. a3
Bxc3+ 9. bxc3 c5 10. Bd3 Qa5 11. Ne2 h5 12. Qf3 cxd4 13. Bxd4 Nc5 14. O-O Nbd7
15. Be3 Qc7 16. Rfe1 Rg8 17. Nd4 Qxe5 18. Bf4 Qf6 19. Nb5 Na6 20. Nd6+ Kf8 21.
Bxa6 g5 22. Nxc8 gxf4 23. Bxb7 Rb8 24. Ba6 Nc5 25. Nxa7 Nxa6 26. Nc6 Rb2 27.
Ne5 Ke7 28. Qd3 Nc5 29. Qd4 Nd7 30. Qa7 Rd8 31. Nc6+ Kf8 32. Nxd8 Qxd8 33. Rab1
Rxc2 34. Rb7 Ke8 35. h3 Rxc3 36. Qd4 Qc8 37. Reb1 Rc1+ 38. Kh2 Rxb1 39. Rxb1
Qc7 40. f3 Ke7 41. Rb4 Qa5 42. Ra4 Qc7 43. Qxf4 Qxf4+ 44. Rxf4 e5 45. Rf5 d4
46. Kg1 Ke6 47. Rxh5 Kd5 48. Kf2 Kc4 49. Ke2 Kc3 50. Kd1 Kd3 51. a4 f6 52. a5
Nc5 53. Rf5 Na4 54. Rxf6 Nc3+ 55. Ke1 Kc2 56. Rc6 Kd3 57. Rxc3+ 1-0

[Event "Andorra open"]
[Site "Escaldes"]
[Date "2018.07.26"]
[Round "6.24"]
[White "Romero Pallares, Daniel"]
[Black "Picart, Laurent"]
[Result "1/2-1/2"]
[WhiteElo "2202"]
[BlackElo "2066"]
[PlyCount "108"]
[EventDate "2018.07.21"]
[EventType "swiss"]
[EventCountry "AND"]

1. d4 Nf6 2. Nf3 e6 3. g3 d5 4. Bg2 b5 5. O-O Bb7 6. a4 b4 7. c3 Nbd7 8. a5 Ba6
9. cxb4 Bxb4 10. Qa4 c5 11. dxc5 Bxc5 12. Nc3 Rb8 13. Bf4 Rxb2 14. Rab1 Rxb1
15. Rxb1 O-O 16. e3 h6 17. h4 Re8 18. Ne5 Nxe5 19. Bxe5 Nd7 20. Bd4 Bxd4 21.
Qxd4 Qxa5 22. Qxa7 Qxc3 23. Qxd7 Rc8 24. Qd6 Bd3 25. Rb8 Rxb8 26. Qxb8+ Kh7 27.
Qf4 f6 28. Kh2 Qd2 29. Bh3 e5 30. Qf3 Qc2 31. g4 Be4 32. Qg3 d4 33. exd4 exd4
34. Qf4 Qe2 35. g5 fxg5 36. Bf5+ Bxf5 37. Qxf5+ Kg8 38. Qd5+ Kh8 39. Qd8+ Kh7
40. Qxd4 Qh5 41. Qd3+ Qg6 42. Qd4 gxh4 43. Qxh4 Qf7 44. Qd4 g5 45. Kg3 h5 46.
Qb4 Kh6 47. Qb6+ Qg6 48. Qd4 h4+ 49. Kh2 Qf5 50. Qh8+ Kg6 51. Qg8+ Kh5 52. Qe8+
Kg4 53. Qe2+ Qf3 54. Qe6+ Kh5 1/2-1/2

[Event "Andorra open"]
[Site "Escaldes"]
[Date "2018.07.26"]
[Round "6.25"]
[White "Zalkind, Konstantin"]
[Black "Medeiros, Thauane Ferreira"]
[Result "1-0"]
[WhiteElo "2185"]
[BlackElo "2005"]
[PlyCount "85"]
[EventDate "2018.07.21"]
[EventType "swiss"]
[EventCountry "AND"]

1. d4 d5 2. Nf3 e6 3. Bf4 c5 4. e3 Qb6 5. Qc1 Bd7 6. Nbd2 Nc6 7. c3 Rc8 8. Be2
Nf6 9. O-O Nh5 10. Be5 cxd4 11. exd4 Nxe5 12. Nxe5 Nf4 13. Re1 Nxe2+ 14. Rxe2
Bb5 15. Re3 Bd6 16. Qd1 Bxe5 17. dxe5 d4 18. Rg3 dxc3 19. bxc3 Rd8 20. Rxg7 Qc7
21. Qe1 Qxc3 22. Ne4 Qxe5 23. Rg3 Bc6 24. Re3 Bxe4 25. Rxe4 Qd5 26. h3 Rg8 27.
Rc1 Rg6 28. g3 Qxa2 29. Rc7 Qb3 30. Re3 Qb5 31. Qa1 Kf8 32. Qh8+ Rg8 33. Qf6
Rd1+ 34. Kh2 Qe8 35. Rxb7 Rd7 36. Reb3 Rg6 37. Qe5 f6 38. Qc5+ Kf7 39. Qc6 Rxb7
40. Rxb7+ Kf8 41. Qd6+ Kg8 42. Qc7 Rh6 43. Qg7# 1-0

[Event "Andorra open"]
[Site "Escaldes"]
[Date "2018.07.27"]
[Round "7.1"]
[White "Fedorchuk, Sergey A"]
[Black "Repka, Christopher"]
[Result "1/2-1/2"]
[WhiteElo "2626"]
[BlackElo "2519"]
[PlyCount "26"]
[EventDate "2018.07.21"]
[EventType "swiss"]
[EventCountry "AND"]

1. e4 c5 2. Nf3 d6 3. d4 cxd4 4. Nxd4 Nf6 5. Nc3 a6 6. Be2 e5 7. Nf3 Be7 8. Bg5
Nbd7 9. a4 Qb6 10. Ra2 h6 11. Be3 Qc6 12. Nd5 Nxd5 13. exd5 Qc7 1/2-1/2

[Event "Andorra open"]
[Site "Escaldes"]
[Date "2018.07.27"]
[Round "7.2"]
[White "Kunin, Vitaly"]
[Black "Admiraal, Miguoel"]
[Result "0-1"]
[WhiteElo "2538"]
[BlackElo "2479"]
[PlyCount "74"]
[EventDate "2018.07.21"]
[EventType "swiss"]
[EventCountry "AND"]

1. d4 Nf6 2. c4 e6 3. Nf3 d5 4. Nc3 c6 5. e3 Nbd7 6. Qc2 Bd6 7. b3 O-O 8. Bb2
e5 9. Be2 e4 10. Nd2 Re8 11. g4 Nf8 12. g5 Ng4 13. h4 Bb8 14. Rg1 h5 15. gxh6
Nxf2 16. Rxg7+ Kh8 17. Rxf7 Nd3+ 18. Kd1 Qxh4 19. Rf1 Bg4 20. Ba3 Ne6 21. Bxg4
Qxg4+ 22. Ne2 Bf4 23. Rg1 Qh5 24. Nf1 Rg8 25. Rxg8+ Rxg8 26. exf4 Rg1 27. Kd2
Qxe2+ 28. Kc3 Qf3 29. Nh2 Qe3 30. Rxg1 Qxd4+ 31. Kd2 Nb4+ 32. Kc1 Qxg1+ 33. Qd1
Nxa2+ 34. Kc2 Qxh2+ 35. Qd2 Nd4+ 36. Kd1 Qh1+ 37. Qe1 Qf3+ 0-1

[Event "Andorra open"]
[Site "Escaldes"]
[Date "2018.07.27"]
[Round "7.3"]
[White "Narciso Dublan, Marc"]
[Black "Lagarde, Maxime"]
[Result "0-1"]
[WhiteElo "2466"]
[BlackElo "2615"]
[PlyCount "100"]
[EventDate "2018.07.21"]
[EventType "swiss"]
[EventCountry "AND"]

1. d4 Nf6 2. Bg5 Ne4 3. Bf4 c5 4. f3 Qa5+ 5. c3 Nf6 6. d5 g6 7. e4 Bg7 8. a4
O-O 9. Na3 d6 10. Ne2 e5 11. Bg5 h6 12. Nc4 Qd8 13. Bh4 b6 14. Nc1 Ba6 15. Nb3
Qc7 16. g4 Nh7 17. Nbd2 Nd7 18. Qe2 Rae8 19. Qg2 Bc8 20. Bd3 Kh8 21. O-O h5 22.
Kh1 Bh6 23. g5 Bg7 24. Rg1 Rg8 25. Raf1 f6 26. gxf6 Bxf6 27. Bxf6+ Ndxf6 28. f4
exf4 29. Rxf4 g5 30. Rf2 Ng4 31. Rf3 a6 32. Qg3 Ne5 33. Nxe5 dxe5 34. Rgf1 h4
35. Qf2 Qg7 36. d6 g4 37. Rg1 Qh6 38. Qe3 Ng5 39. Rff1 g3 40. Rd1 Ref8 41. Rdf1
Bh3 42. Rxf8 g2+ 43. Rxg2 Bxg2+ 44. Kxg2 Qxf8 45. Bc4 Rg6 46. d7 Nxe4+ 47. Kh1
Nxd2 48. Qxe5+ Kh7 49. Qh5+ Kg7 50. Qe5+ Kh6 0-1

[Event "Andorra open"]
[Site "Escaldes"]
[Date "2018.07.27"]
[Round "7.4"]
[White "Fluvia Poyatos, Jordi"]
[Black "Postny, Evgeny"]
[Result "1/2-1/2"]
[WhiteElo "2436"]
[BlackElo "2585"]
[PlyCount "117"]
[EventDate "2018.07.21"]
[EventType "swiss"]
[EventCountry "AND"]

1. e4 e5 2. Nf3 Nc6 3. d4 exd4 4. Nxd4 Bc5 5. Nxc6 Qf6 6. Qf3 Qxf3 7. gxf3 bxc6
8. Nd2 Ne7 9. Nb3 Bb6 10. a4 a5 11. Be3 O-O 12. O-O-O Bxe3+ 13. fxe3 d6 14. Rg1
Kh8 15. h4 Be6 16. Nd4 Bd7 17. h5 f5 18. e5 Nd5 19. exd6 cxd6 20. Nb5 Be8 21.
h6 gxh6 22. Nxd6 Nxe3 23. Rd2 Bg6 24. Nc4 f4 25. Ne5 Rf6 26. Bd3 Bxd3 27. Rxd3
Rg8 28. Rxg8+ Kxg8 29. Rd8+ Kg7 30. Rd7+ Kg8 31. Rd8+ Rf8 32. Rxf8+ Kxf8 33.
Nxc6 h5 34. Nd4 Ke7 35. Ne2 Nd5 36. Ng1 Kd6 37. c3 Nb6 38. b3 Nd7 39. Kd2 Ne5
40. Ke2 Kd5 41. Nh3 Ng6 42. Kd2 h4 43. Ke2 Kc5 44. Kf2 Kd5 45. Kg2 Kd6 46. Ng5
Ne5 47. Ne4+ Kd5 48. Nd2 Nd3 49. Kh3 Nc1 50. Kxh4 Ne2 51. Ne4 Nc1 52. b4 axb4
53. cxb4 Nd3 54. b5 Ne5 55. Nd2 Kc5 56. Kg5 Kb4 57. Kxf4 Nd7 58. Ne4 Kxa4 59.
Kg5 1/2-1/2

[Event "Andorra open"]
[Site "Escaldes"]
[Date "2018.07.27"]
[Round "7.5"]
[White "Barbero Sendic, Alejandro"]
[Black "Del Rio De Angelis, Salvador G"]
[Result "0-1"]
[WhiteElo "2388"]
[BlackElo "2525"]
[PlyCount "52"]
[EventDate "2018.07.21"]
[EventType "swiss"]
[EventCountry "AND"]

1. e4 g6 2. d4 Bg7 3. Nc3 c6 4. Bc4 d6 5. Qf3 e6 6. Nge2 b5 7. Bd3 Nd7 8. Qg3
b4 9. Nd1 e5 10. c3 a5 11. O-O Ngf6 12. f4 exd4 13. cxd4 O-O 14. e5 Nd5 15. Ne3
Nxe3 16. Bxe3 dxe5 17. f5 exd4 18. Bg5 Qb6 19. f6 Bh8 20. Kh1 Nc5 21. Nxd4 Nxd3
22. Qxd3 Rd8 23. Rf4 c5 24. Qb5 Qxb5 25. Nxb5 a4 26. h4 Ra5 0-1